[Event "UKR-ch sf"]
[Site "Alushta"]
[Date "2006.05.18"]
[Round "6"]
[White "Babiy, Olga"]
[Black "Didenko, Sergey"]
[Result "1/2-1/2"]
[WhiteElo "2128"]
[BlackElo "1811"]
[PlyCount "100"]
[EventDate "2006.05.13"]
[EventType "swiss"]
[EventRounds "9"]
[EventCountry "UKR"]
[SourceTitle "CBM 112 Extra"]
[Source "ChessBase"]
[SourceDate "2006.07.14"]
[SourceVersion "1"]
[SourceVersionDate "2006.07.14"]
[SourceQuality "1"]

1. e4 Nf6 2. e5 Nd5 3. d4 d6 4. c4 Nb6 5. exd6 cxd6 6. Nc3 Nc6 7. h3 g6 8. Nf3 Bg7 9. Be3 0-0 10. Bd3 d5 11. c5 Nc4 12. Bxc4 dxc4 13. Qa4 e5 14. dxe5 Nxe5 15. Nxe5 Bxe5 16. Qxc4 Be6 17. Qe2 Bxc3+ 18. bxc3 Qd5 19. 0-0 Qc4 20. Qd2 Rad8 21. Bd4 f6 22. Rfe1 Rf7 23. Qe3 Bf5 24. g4 Bd7 25. g5 Qd5 26. Bxf6 Bc6 27. f3 Re8 28. Qf4 Qxc5+ 29. Kg2 Ref8 30. Re3 Qa3 31. Kg3 a5 32. h4 Rd7 33. Qc4+ Bd5 34. Qg4 Qd6+ 35. f4 Bf7 36. Rae1 Qc6 37. f5 Rd2 38. R1e2 Rxe2 39. Qxe2 Bc4 40. Qf2 Re8 41. fxg6 hxg6 42. Be5 Rf8 43. Bf6 Re8 44. Qf4 Rxe3+ 45. Qxe3 Qd6+ 46. Be5 Qd3 47. Qxd3 Bxd3 48. Kf4 a4 49. a3 b5 50. Bd4 Bc4 1/2-1/2

[Event "UKR-ch sf"]
[Site "Alushta"]
[Date "2006.05.17"]
[Round "5"]
[White "Didenko, Sergey"]
[Black "Savvopulo, Anatolij"]
[Result "1/2-1/2"]
[WhiteElo "1811"]
[BlackElo "2149"]
[PlyCount "77"]
[EventDate "2006.05.13"]
[EventType "swiss"]
[EventRounds "9"]
[EventCountry "UKR"]
[SourceTitle "CBM 112 Extra"]
[Source "ChessBase"]
[SourceDate "2006.07.14"]
[SourceVersion "1"]
[SourceVersionDate "2006.07.14"]
[SourceQuality "1"]

1. e4 c5 2. d4 cxd4 3. c3 d5 4. exd5 Qxd5 5. Nf3 Nc6 6. Nxd4 Nxd4 7. Qxd4 Qxd4 8. cxd4 e6 9. Nc3 Bb4 10. a3 Bxc3+ 11. bxc3 Nf6 12. Bd3 h6 13. c4 b6 14. Bb2 Ba6 15. Ke2 Rc8 16. Rhc1 0-0 17. f3 Rc7 18. Rc2 Rfc8 19. Rac1 Ne8 20. c5 Bxd3+ 21. Kxd3 bxc5 22. Rxc5 Rxc5 23. Rxc5 Rd8 24. Bc3 f6 25. Bb4 e5 26. d5 Rd7 27. Ra5 Kf7 28. Kc4 Rc7+ 29. Kd3 f5 30. d6 Rd7 31. Rxe5 Nxd6 32. Rd5 Ke6 33. Rxd6+ Rxd6+ 34. Bxd6 Kxd6 35. Kd4 g6 36. f4 g5 37. g3 g4 38. a4 a5 39. Kc4 1/2-1/2

[Event "UKR-ch sf"]
[Site "Alushta"]
[Date "2006.05.15"]
[Round "3"]
[White "Didenko, Sergey"]
[Black "Stolpovsky, Sergei"]
[Result "0-1"]
[WhiteElo "1811"]
[BlackElo "2105"]
[PlyCount "90"]
[EventDate "2006.05.13"]
[EventType "swiss"]
[EventRounds "9"]
[EventCountry "UKR"]
[SourceTitle "CBM 112 Extra"]
[Source "ChessBase"]
[SourceDate "2006.07.14"]
[SourceVersion "1"]
[SourceVersionDate "2006.07.14"]
[SourceQuality "1"]

1. e4 e5 2. Nf3 Nc6 3. d4 exd4 4. Bc4 Nf6 5. e5 d5 6. Bb5 Ne4 7. Nxd4 Bd7 8. Bxc6 bxc6 9. 0-0 Bc5 10. c3 0-0 11. f3 Ng5 12. f4 Ne4 13. Nd2 Nxd2 14. Bxd2 f6 15. Kh1 fxe5 16. fxe5 Qh4 17. Nf3 Qh5 18. Be1 Qxe5 19. Bg3 Qh5 20. Bxc7 Bg4 21. Qd3 Rf7 22. Bg3 Raf8 23. Rae1 Rxf3 24. gxf3 Rxf3 25. Re8+ Qxe8 26. Rxf3 Qe4 27. Qxe4 dxe4 28. Rf4 Bf3+ 29. Rxf3 exf3 30. Be5 Kf7 31. h3 g6 32. b4 Ke6 33. Bb8 Be3 34. c4 Kf5 35. c5 Ke4 36. b5 Kd3 37. Bg3 cxb5 38. c6 Bf4 39. Bf2 a5 40. Kg1 Ke2 41. h4 b4 42. Bd4 a4 43. h5 b3 44. hxg6 hxg6 45. Kh1 b2 0-1

[Event "UKR-ch U18 sf"]
[Site "Dnipropetrovsk"]
[Date "2005.12.??"]
[Round "1"]
[White "Didenko, Sergey"]
[Black "Filonenko, Kyryl"]
[Result "0-1"]
[WhiteElo "1754"]
[BlackElo "2244"]
[PlyCount "78"]
[EventDate "2005.12.??"]
[EventType "swiss"]
[EventRounds "9"]
[EventCountry "UKR"]
[SourceTitle "CBM 109 Extra"]
[Source "ChessBase"]
[SourceDate "2006.01.03"]
[SourceVersion "2"]
[SourceVersionDate "2006.01.03"]
[SourceQuality "1"]

1. e4 d6 2. d4 Nf6 3. Nc3 g6 4. f3 c6 5. Be3 b5 6. Qd2 Nbd7 7. Bd3 Nb6 8. 0-0-0 Nc4 9. Bxc4 bxc4 10. Re1 Qa5 11. a3 Bg7 12. Nge2 Rb8 13. Bh6 Bxh6 14. Qxh6 Qb6 15. Nd1 c3 16. Nexc3 Qxd4 17. Re2 Ba6 18. Rd2 Qe5 19. Qe3 Rb7 20. g4 Nd7 21. f4 Qc5 22. Qg3 h5 23. gxh5 Qxh5 24. h4 Nf6 25. e5 dxe5 26. fxe5 Ng4 27. Qh3 0-0 28. e6 f6 29. Rg1 Ne5 30. Rg3 Kh7 31. Qg2 Rfb8 32. Ne4 Nc4 33. Rd7 Qh6+ 34. Ng5+ fxg5 35. hxg5 Qg7 36. Rxb7 Bxb7 37. Rf3 Rf8 38. Qh2+ Kg8 39. Rxf8+ Qxf8 0-1